000 01218cam a22001934a 4500
005 20250605164355.0
008 250528s ||||||||||||||||||||||||d
035 _a24304
040 _aGR-AtMCL
_bgre
_dGR-AtMCL
_eAACR2
245 1 _aThe Sport and Exercise Scientist / The BASES Expert Statement on Psychological Considerations for Injury Risk Reduction in Competitive Sport
260 _c2021
300 _a31
520 _aThe BASES Expert Statement on Psychological Considerations for In Jury Risk Reduction in Competitive Sport, An Interview with Professor Wendy Hardeman, Is It Time to Retire the 'Elite' Jersey, The Climate Change Emergency: A Commitment and Call for Action from the BASES Board, The BASES Annual Conference Programme, Isolated Protein Hydrolysate Supplementation for Skeletal Muscle Adaptation: A Platform for Future Research, Breast Biomechanics: From Research to Enterprise and to Industry and Consumer, Green and Blue Spaces Facilitate Activity and Improve Health: An Evidence Informed Call for Equitable Nature Access in Post-Pandemic Life.
700 1 _aGledhill Adam
_99449
942 _cCR
710 2 _aBASES Conference
_99836
999 _c9194
_d9194